| 000 | 01388nam a22002897a 4500 | ||
|---|---|---|---|
| 005 | 20101206113148.0 | ||
| 008 | 101206t xxu||||| |||| 00| 0 hin d | ||
| 010 | _aHIN-91766 | ||
| 020 |
_c135.00 _a9788121615679 |
||
| 035 | _aHN-64112 | ||
| 037 | _bDBAD / VEN | ||
| 040 |
_aDPL _bHN |
||
| 082 | _aक | ||
| 100 |
_924598 _aदेसाई, केशुभाई |
||
| 245 |
_aकेशुभाई देसाई की यादगारी कहानियां / _cकेशुभाई देसाई; तेजपाल सिंह धामा द्वारा संपादित |
||
| 246 |
_aKeshubhai desai ki Yaadgari Kahaniyan _bBy Keshubhai Desai |
||
| 260 |
_aनई दिल्ली _bहिन्द पॉकेट बुक्स _c2010 |
||
| 270 |
_aजे-40, जोरबाग लेन _bनई दिल्ली _e110003 |
||
| 300 |
_a208पृ _c18सेमी (अजिल्द) |
||
| 650 |
_91169 _aलघु कथाएँ, हिन्दी |
||
| 650 |
_925727 _aHindi Fiction |
||
| 700 |
_924599 _aधामा, तेजपाल सिंह |
||
| 700 | _925390 | ||
| 942 |
_2ddc _cHN _mदेसाई _hक |
||
| 999 |
_c50321 _d50321 |
||